Moderné teórie trhového hospodárstva
Salvato in:
| Autore principale: | |
|---|---|
| Altri autori: | , , |
| Natura: | Libro |
| Lingua: | slovacco |
| Pubblicazione: |
Bratislava
Inštitút vzdelávania odborov SR
1993
|
| Soggetti: | |
| Tags: |
Nessun Tag, puoi essere il primo ad aggiungerne!!
|
MARC
| LEADER | 00000nam$a2200000$$$4500 | ||
|---|---|---|---|
| 001 | 0110532 | ||
| 005 | 20240111124750.6 | ||
| 020 | |a 80-967047-1-0 | ||
| 041 | 0 | |a slo | |
| 044 | |a SK | ||
| 245 | 1 | 0 | |a Moderné teórie trhového hospodárstva |c Kajetana Hontyová, Ján Lisý |
| 264 | 1 | |a Bratislava |b Inštitút vzdelávania odborov SR |c 1993 | |
| 300 | |a 211 s. | ||
| 610 | 2 | 0 | |a hospodárstvo trhové |
| 100 | 1 | |a Hontyová, Kajetána | |
| 700 | 1 | |a Lisý, Ján | |
| 700 | 1 | |a Táncošová, Judita | |
| 700 | 1 | |a Vincúr, Pavol | |